Frederico Morais : (Record no. 4570)
[ view plain ]
| 000 -LEADER | |
|---|---|
| campo de control de longitud fija | 03464nam a22003617i 4500 |
| 003 - IDENTIFICADOR DE NÚMERO DE CONTROL | |
| campo de control | OSt |
| 005 - FECHA Y HORA DE LA ÚLTIMA TRANSACCIÓN | |
| campo de control | 20251126161644.0 |
| 008 - DATOS DE LONGITUD FIJA--INFORMACIÓN GENERAL | |
| campo de control de longitud fija | 251126e2022 mx|o|||gr|||| 00| 0 spa d |
| 020 ## - NÚMERO INTERNACIONAL ESTÁNDAR DEL LIBRO | |
| Número Internacional Estándar del Libro | 97860799079907211 |
| 040 ## - FUENTE DE CATALOGACIÓN | |
| Lengua de catalogación | spa |
| Centro/agencia transcriptor | MNU |
| 041 ## - CÓDIGO DE IDIOMA | |
| Código de lengua del texto/banda sonora o título independiente | spa |
| 082 04 - NÚMERO DE LA CLASIFICACIÓN DECIMAL DEWEY | |
| Número de clasificación | 709.810.904 |
| Número de ítem | B622f |
| 100 1# - ENTRADA PRINCIPAL--NOMBRE DE PERSONA | |
| Nombre de persona | Biskupovic, Ignacia |
| Término indicativo de función/relación | editora |
| -- | traductora |
| 245 10 - MENCIÓN DEL TÍTULO | |
| Título | Frederico Morais : |
| Resto del título | textos críticos 1968-1975 / |
| Mención de responsabilidad, etc. | editado y traducido por el Grupo de domingos. |
| 260 ## - PUBLICACIÓN, DISTRIBUCIÓN, ETC. | |
| Lugar de publicación, distribución, etc. | México : |
| Nombre del editor, distribuidor, etc. | Taller de Ediciones Económicas : |
| -- | Instituto Mesa, |
| Fecha de publicación, distribución, etc. | 2022. |
| 300 ## - DESCRIPCIÓN FÍSICA | |
| Extensión | 192p : |
| Otras características físicas | fotografías, |
| Dimensiones | 18.5 cm |
| 490 0# - MENCIÓN DE SERIE | |
| Mención de serie | Archivo |
| Designación de volumen o secuencia | 3 |
| 500 ## - NOTA GENERAL | |
| Nota general | Proyecto realizado gracias al apoyo de Fundación Jumex Arte Contemporáneo y colaboración de TEOR/éTica y Museo de la Solidaridad Salvador Allende. |
| 505 ## - NOTA DE CONTENIDO CON FORMATO | |
| Nota de contenido con formato | Jessica Cogan. Frederico Morais. En la creación todo se funde. -- Apocalipopótesis en el Aterro. El arte de vanguardia es llevado al pueblo (26 de julio, 1968). -- Un laboratorio de vanguardia (15 de octubre, 1969). -- Carta inaugural de la Unidad Experimental (1969). -- Contra el arte afluente. El cuerpo es el motor de la "obra" (enero/febrero 1970). -- Plan piloto de la ciudad lúdica del futuro (6 de julio, 1970). -- Críticas y críticos (1970). -- Nueva crítica (1970). -- Un domingo de papel (23 de enero, 1971). -- El reportero de la creación (30 de marzo, 1971). -- El museo y la reeducación del hombre (2 de abril, 1971). -- La creatividad liberada: Domingo terra a terra (27 de abril, 1971). -- La creatividad de mayo y los Domingos da Criação del MAM (1 de julio, 1972). -- El arte es organización (1 de julio, 1972). -- Dos años después (23 de diciembre, 1972). -- Un chapuzón: el crítico se convierte en artista (1975). -- El arte no le pertenece a nadie. Conversación entre Marília Andrés Ribeiro y Frederico Morais. |
| 520 3# - RESUMEN, ETC. | |
| Sumario, etc. | En 1971, el curador y crítico de arte Frederico Morais organizó los Domingos da Criação, una serie de happenings participativos en el Museu de Arte Moderna do Rio de Janeiro, en medio de los cambios radicales experimentados en el arte y la cultura en plena dictadura militar en Brasil. Arte, educación, celebración, protesta... todo esto y nada de esto. Al abrazar los procesos colectivos, las prácticas híbridas y las relaciones dinámicas entre los artistas y los diferentes públicos, estos ejercicios experimentales dirigidos a la libertad poética y política contaron con la asistencia de miles de participantes y fueron ampliamente difundidos en la prensa. El proyecto fue poco estudiado en el contexto brasileño y prácticamente desconocido a nivel internacional. La publicación de estos textos contribuye al proceso de revisión de la historia del arte occidental contemporáneo al reformular las jerarquías centro/periferia de la neovanguardia hacia modernismos más plurales y formas colectivas e híbridas de agencia creativa. |
| 650 04 - PUNTO DE ACCESO ADICIONAL DE MATERIA--TÉRMINO DE MATERIA | |
| Término de materia o nombre geográfico como elemento de entrada | Crítica de arte |
| 650 04 - PUNTO DE ACCESO ADICIONAL DE MATERIA--TÉRMINO DE MATERIA | |
| Término de materia o nombre geográfico como elemento de entrada | Arte y espacio público |
| 650 04 - PUNTO DE ACCESO ADICIONAL DE MATERIA--TÉRMINO DE MATERIA | |
| Término de materia o nombre geográfico como elemento de entrada | Educación |
| 650 04 - PUNTO DE ACCESO ADICIONAL DE MATERIA--TÉRMINO DE MATERIA | |
| Término de materia o nombre geográfico como elemento de entrada | Comunidades |
| 650 04 - PUNTO DE ACCESO ADICIONAL DE MATERIA--TÉRMINO DE MATERIA | |
| Término de materia o nombre geográfico como elemento de entrada | Arte brasileño |
| 700 1# - ENTRADA AGREGADA--NOMBRE PERSONAL | |
| Nombre de persona | Cervetto, Renata |
| Término indicativo de función/relación | editora |
| -- | traductora |
| 700 1# - ENTRADA AGREGADA--NOMBRE PERSONAL | |
| Nombre de persona | Cogan, Jessica |
| Término indicativo de función/relación | editora |
| -- | traductora |
| 700 1# - ENTRADA AGREGADA--NOMBRE PERSONAL | |
| Nombre de persona | Hoff, Mónica |
| Término indicativo de función/relación | editora |
| -- | traductora |
| 700 1# - ENTRADA AGREGADA--NOMBRE PERSONAL | |
| Nombre de persona | Malavassi, Lola |
| Término indicativo de función/relación | editora |
| -- | traductora |
| 700 1# - ENTRADA AGREGADA--NOMBRE PERSONAL | |
| Nombre de persona | Pradilla, Nicolás |
| Término indicativo de función/relación | editor |
| -- | traductor |
| 700 1# - ENTRADA AGREGADA--NOMBRE PERSONAL | |
| Nombre de persona | Richmond, Mariela |
| Término indicativo de función/relación | editora |
| -- | traductora |
| 9 (RLIN) | 1075 |
| 942 ## - ELEMENTOS DE ENTRADA SECUNDARIOS (KOHA) | |
| Fuente del sistema de clasificación o colocación | Clasificación Decimal Dewey |
| Tipo de ítem Koha | Libros |
| Parte de la signatura que corresponde a la clasificación (Parte de la clasificación) | 709.810.904 |
| Parte de la signatura que identifica el ejemplar (Parte del ítem) | B622f |
| Suprimir en OPAC | No |
| Estatus retirado | Estado de pérdida | Fuente del sistema de clasificación o colocación | Estado de daño | No para préstamo | Colección | Biblioteca de origen | Biblioteca actual | Fecha de adquisición | Total de préstamos | Signatura topográfica completa | Código de barras | Visto por última vez | Precio de reemplazo | Tipo de ítem Koha |
|---|---|---|---|---|---|---|---|---|---|---|---|---|---|---|
| Clasificación Decimal Dewey | Libros | Biblioteca LadoV | Biblioteca LadoV | 26/11/2025 | 709.810.904 B622f | 002596 | 26/11/2025 | 26/11/2025 | Libros |
